神津藤平 : 観光信州・信念の先覚者
Đã lưu trong:
| Hovedforfatter: | |
|---|---|
| Format: | Bog |
| Sprog: | Undetermined |
| Udgivet: |
長野
銀河書房
1989
|
| Fag: | |
| Tags: |
Tilføj Tag
Ingen Tags, Vær først til at tagge denne postø!
|
| Thư viện lưu trữ: | Trung tâm Học liệu Trường Đại học Cần Thơ |
|---|
| LEADER | 00551nam a2200205Ia 4500 | ||
|---|---|---|---|
| 001 | CTU_88504 | ||
| 008 | 210402s9999 xx 000 0 und d | ||
| 082 | |a 920 | ||
| 082 | |b M685 | ||
| 100 | |a 宮坂勝彦(みやさか かつひこ) | ||
| 245 | 0 | |a 神津藤平 : | |
| 245 | 0 | |b 観光信州・信念の先覚者 | |
| 245 | 0 | |c 宮坂勝彦 | |
| 260 | |a 長野 | ||
| 260 | |b 銀河書房 | ||
| 260 | |c 1989 | ||
| 650 | |a Celebrities | ||
| 650 | |x Biography | ||
| 904 | |i Ngoc,Hải | ||
| 980 | |a Trung tâm Học liệu Trường Đại học Cần Thơ | ||